000 00527nas a2200205 i 4500
001 183257
003 ES-MaACL
005 20250217134912.0
008 140204c1925uuuuxxuw| | ||ng d
022 _a0028-792X
080 _a(051)
245 0 4 _aThe New Yorker.
260 _aNew York :
_bThe New Yorker Magazine,
_c1925-
300 _a3 v. :
_bil. ;
_c28 cm.
310 _aSemanal
362 0 _aNÂș 1(21 febr. 1925)-
852 _aES-MaACL
_jHEM-D-214
866 0 _o2007-(2008 ene-jun).
999 _c183257
_d183257